नेपोलियन (Record no. 300938)

MARC details
000 -LEADER
fixed length control field 00482nam a2200157Ia 4500
008 - FIXED-LENGTH DATA ELEMENTS--GENERAL INFORMATION
fixed length control field 230718s9999 xx 000 0 und d
041 ## - LANGUAGE CODE
Language code of text/sound track or separate title mar
082 ## - DEWEY DECIMAL CLASSIFICATION NUMBER
Classification number 891.466
Item number DIX
100 ## - MAIN ENTRY--PERSONAL NAME
Personal name दीक्षित म.श्री.
9 (RLIN) 186930
245 ## - TITLE STATEMENT
Title नेपोलियन
260 ## - PUBLICATION, DISTRIBUTION, ETC. (IMPRINT)
Date of publication, distribution, etc. 1999
Name of publisher, distributor, etc. मुद्रक प्रकाशन
300 ## - PHYSICAL DESCRIPTION
Extent 252
365 ## - TRADE PRICE
Currency code Rs.
Price amount 175.00
700 ## - ADDED ENTRY--PERSONAL NAME
Personal name दीक्षित म.श्री.
9 (RLIN) 186930
906 ## - LOCAL DATA ELEMENT F, LDF (RLIN)
d B:276208-Jan-2001
c ENG
b 35
Holdings
Withdrawn status Lost status Damaged status Not for loan Home library Current library Date acquired Vendor Budget Code Cost, normal purchase price Bill number Total Checkouts Full call number Barcode Date last seen Discount Cost, replacement price Bill Date Koha item type Original Barcode
        Cummins College of Engineering for Women Pune Cummins College of Engineering for Women Pune 13/01/2001 Varma Book Distributors ENG 140.00 2762   891.466 CCEP-BK-12144 18/07/2023 35 175.00 08/01/2001 Books 012144